Largest Cities that Contain a Letter by Continent - Statistics

General Stats
  • This quiz has been taken 381 times
  • The average score is 97 of 133
Answers on the Map
Answers color-coded by a green-red scale on the quiz's map according to % correct below.
 
Answer Stats
Letter City % Correct
L Los Angeles
93%
M Mexico City
93%
N New York
93%
M Moscow
92%
C Cairo
91%
L London
91%
A Madrid
91%
P Paris
90%
E Berlin
89%
C Chicago
89%
I Istanbul
89%
J Johannesburg
89%
S San Francisco
89%
T Tokyo
89%
B Barcelona
88%
D Delhi
88%
J Jakarta
88%
I Miami
88%
O Rome
88%
S Saint Petersburg
88%
S Sydney
88%
G Algiers
87%
A Atlanta
87%
B Boston
87%
P Cape Town
87%
L Lagos
87%
P Perth
87%
R Rio de Janeiro
87%
A Santiago
87%
T Toronto
87%
E Alexandria
86%
T Athens
86%
A Auckland
86%
B Beijing
86%
B Buenos Aires
86%
W Warsaw
86%
O Bogota
85%
D Dallas
85%
H Houston
85%
K Kiev
85%
L Lima
85%
H Manchester
85%
M Manila
85%
N Milan
85%
N Nairobi
85%
S São Paulo
85%
A Bangkok
84%
I Brasilia
84%
M Melbourne
84%
U Mumbai
84%
S Shanghai
84%
X Phoenix
83%
Q Quito
83%
I Addis Ababa
82%
K Kinshasa
82%
E Seoul
82%
V Vienna
82%
W Washington D.C.
82%
G Birmingham
81%
H Dhaka
81%
G Guangzhou
81%
Z La Paz
81%
O Osaka
81%
P Philadelphia
80%
A Accra
79%
B Brisbane
79%
S Casablanca
79%
H Khartoum
79%
D Dar es Salaam
78%
E Detroit
78%
F Frankfurt
78%
Y Lyon
78%
D Montevideo
78%
V Denver
77%
L Kolkata
77%
U Hamburg
76%
H Honolulu
76%
J San Jose
76%
D Adelaide
74%
C Canberra
74%
P Kuala Lumpur
74%
Z Brazzaville
73%
T Antananarivo
72%
R Dakar
72%
D Rotterdam
72%
X Bordeaux
71%
G Guadalajara
71%
B Abidjan
70%
K Karachi
70%
N Bangalore
68%
W Wuhan
68%
E Belo Horizonte
67%
Y Calgary
67%
R Montreal
67%
M Bamako
66%
O Port Moresby
66%
O Monterrey
65%
K Salt Lake City
64%
R Tehran
64%
X Xiamen
64%
Y Yaounde
64%
Y Hyderabad
63%
U Luanda
63%
V Tel Aviv
63%
F Freetown
62%
C Recife
62%
V Monrovia
61%
R Christchurch
59%
F Fortaleza
59%
G Guayaquil
59%
P Porto Alegre
59%
C Chengdu
58%
O Kano
58%
V Salvador
58%
W Lilongwe
57%
Q Chongqing
54%
G Gold Coast
51%
Z Nizhiny Novgorod
49%
U Puebla
49%
T Santa Cruz
48%
Z Ciudad Juarez
43%
U Curitiba
41%
Z Hangzhou
39%
N Newcastle
33%
F Hartford
31%
M Campinas
29%
N Goiânia
28%
W Wollongong
28%
U Sunshine Coast
24%
F Hefei
23%
Q Queretaro
21%
Y Maracay
19%
J João Pessoa
18%
No matching quizzes found
Score Distribution
Percent of People with Each Score
Percentile by Number Answered
Your Score History
You have not taken this quiz